Score 0/60 Timer 15:00
34 Plays Today
% Correct
Dragon Ball
98.1%
Naruto
95.8%
One Piece
93.9%
Pokémon
80.5%
Death Note
80%
Attack on Titan
79.3%
Fullmetal Alchemist
77.4%
Sailor Moon
76.9%
Sword Art Online
75.9%
Yu-Gi-Oh
75.5%
Hunter X Hunter
74.4%
Bleach
74.3%
Digimon
68.2%
Soul Eater
66.3%
Inuyasha
62.6%
Astro Boy
60.5%
Free!
59.7%
Code Geass
57.4%
Ouran High School Host Club
55.8%
Beyblade
52.4%
Toradora!
51.6%
Cowboy Bebop
51%
Kuroko's Basketball
50.3%
Mobile Suit Gundam Wing
49.9%
Puella Magi Madoka Magica
47.8%
Angel Beats!
45.8%
Hellsing
44.3%
Neon Genesis Evangelion
43%
Fruits Basket
40.4%
Trigun
39.4%
% Correct
Samurai Champloo
39.3%
Berserk
38.5%
Yu Yu Hakusho
37.8%
Tengen Toppa Gurren Lagann
37.7%
Afro Samurai
36.8%
Rurouni Kenshin
35.5%
Lupin III
33.1%
Speed Racer
32.7%
Prince of Tennis
31.7%
Bobobo Bo Bo Bobo
31%
Reborn!
30.2%
Fist of the North Star
29.7%
Crayon Shin Chan
25.4%
D. Gray Man
24.8%
Ghost in the Shell: Stand Alone Complex
24.6%
Baccano!
24%
Full Metal Panic
22.5%
Eureka 7
19.7%
Yowamushi Pedal
18.6%
Dr. Slump
15.2%
Zatch Bell!
14.5%
Space Pirate Captain Harlock
9.3%
Ninja Scroll
8.5%
Samurai 7
7.7%
Super Dimensional Fortress Macross
6.9%
Vampire Hunter D
6.6%
Outlaw Star
6.3%
Science Ninja Team Gatchaman
4.3%
Gigantor
4.3%
Galaxy Express 999
3.9%
Remove Ads.
Support Sporcle.
Get the best of Sporcle when you Go Orange. This ad-free experience offers more features, more stats, and more fun while also helping to support Sporcle. Thank you for becoming a member.

You're not logged in!

Compare scores with friends on all Sporcle quizzes.
OR
Log In

Show Comments

Extras

Top Quizzes Today


Score Distribution

Your Account Isn't Verified!

In order to create a playlist on Sporcle, you need to verify the email address you used during registration. Go to your Sporcle Settings to finish the process.

Report this User

Report this user for behavior that violates our Community Guidelines.

Details: